• 首页
  • 本馆介绍
  • 公告通知
  • 最新文献
  • 馆藏检索
  • 电子资源
  • 读者导购
  • 参考咨询
  • 我的图书馆
  • 登录
  • 详细信息显示
  • 放入我的书架
  • 预约/预借图书
  • 作者相关作品
  • 分类相关作品
  • 丛书相关作品
  • 出版社相关作品

书目信息

  • 表格格式
  • 工作单格式
  • 卡片格式
题名:
对话
    
 
作者: 裴玲 , 廖文娟 主编
分册:  
出版信息: 上海   上海教育出版社  2004
页数: 19,246页
开本: 20cm
丛书名: 小学课堂教学微观技术丛书
单 册:
中图分类: G622.421
科图分类:
主题词: 课堂教学--教学研究--小学 , 课堂教学 , 教学研究
电子资源:
ISBN: 7-5320-9283-6
000 00988oam2 2200301 450
001 05002665931
005 20051212153908.50
010    @a7-5320-9283-6@dCNY18.00
092    @aCN
100    @a20050714d2004 ekmy0chiy0120 ea
101 0  @achi
102    @aCN@b310000
105    @ay z 000yy
200 1  @a对话@9dui hua@f裴玲,廖文娟主编@Fpei ling,liao wen juan zhu bian
210    @a上海@c上海教育出版社@d2004
215    @a19,246页@d20cm
225 2  @a小学课堂教学微观技术丛书@f杨莲菁主编
330    @a本书总结、提炼了一批课堂对话技术的教学案例,这些案例是一系列的教学情景,其中绝大多数的教学情景是可重复的、可迁移的。
410  0 @12001 @a小学课堂教学微观技术丛书@1701 0@a杨莲菁@Ayang lian jing@4主编
606 0  @a课堂教学@x教学研究@x小学
606 0  @a课堂教学
606 0  @a教学研究
690    @aG622.421@v4
701  0 @a裴玲@Apei ling@4主编
701  0 @a廖文娟@Aliao wen juan@4主编
801  0 @aCN@bNLC@c20051212
905    @a10447@dG622.421@e150:10
999    @aHSJ
    
    对话/裴玲,廖文娟主编.-上海:上海教育出版社,2004
    19,246页;20cm.-(小学课堂教学微观技术丛书/杨莲菁主编)
    
    
    ISBN 7-5320-9283-6:CNY18.00
    本书总结、提炼了一批课堂对话技术的教学案例,这些案例是一系列的教学情景,其中绝大多数的教学情景是可重复的、可迁移的。
●
相关链接 在E读中查询图书 在五车中查询图书 在当当中查询图书 在豆瓣中查询图书


正题名:对话     索取号:G622.421/150:10         预约/预借

序号 登录号 条形码 馆藏地/架位号 状态 备注
1 0370971   203709718   第一样本阅览室/ [索取号:G622.421/150:10] 在馆    
2 0370972   203709727   第四借阅区/ [索取号:G622.421/150:10] 在馆    
3 0370973   203709736   第四借阅区/ [索取号:G622.421/150:10] 在馆    
唐山师范学院图书馆 欢迎您!
大连网信软件有限公司© 版权所有